| 000 | 00985cam a2200241 4500 | ||
|---|---|---|---|
| 001 | WB3619-22 | ||
| 008 | 000000n2000 000 0 eng u | ||
| 035 | _a(Sirsi) u105963 | ||
| 245 | 4 | _aThe flat cost of apartments | |
| 260 | _c2000 | ||
| 490 |
_aFinancial Times _v 12 May 2000, 28(1) |
||
| 520 | _aPreviously the main interest in the European housing market has been from homeowners or governments. There is increasing interest from institutional investors in rented residential property, but a report by FPD Savills concludes that the main problem holding back growth in this area is investors sourcing suitable stock and confusion about ongoing overheads. Comparison with the US. Table and graph. | ||
| 590 | _aWB | ||
| 650 | _aHOUSING MARKET | ||
| 650 | _aEUROPE | ||
| 650 | _aFPD SAVILLS | ||
| 650 | _aINSTITUTIONAL INVESTMENT | ||
| 650 | _aPRIVATE RENTED SECTOR | ||
| 650 | _aRETURNS | ||
| 650 | _aUNITED STATES | ||
| 690 | _aHOUSING-INVESTMENT | ||
| 942 | _n0 | ||
| 999 |
_c63445 _d63445 |
||